[Event "COL-ch disabled 2nd"]
[Site "Cali"]
[Date "2008.10.26"]
[Round "4.10"]
[White "Fuentes Molina, Richard"]
[Black "Villabona, Jose de Jesus"]
[Result "0-1"]
[WhiteElo "1600"]
[BlackElo "1600"]
[PlyCount "43"]
[EventDate "2008.10.25"]
[EventType "swiss"]
[EventRounds "7"]
[EventCountry "COL"]
[SourceTitle "EXT 2024"]
[Source "ChessBase"]
[SourceDate "2023.10.10"]
[SourceVersion "1"]
[SourceVersionDate "2023.10.10"]
[SourceQuality "1"]

1. e4 e5 2. f4 exf4 3. Nf3 Be7 4. Bc4 Bh4+ 5. Kf1 d6 6. d4 Bg4 7. Bxf4 Nf6 8. g3 Bh3+ 9. Kg1 Nxe4 10. Nxh4 g5 11. Qh5 Qf6 12. Nf3 gxf4 13. Qxh3 Nd7 14. Nbd2 Nxd2 15. Re1+ Kd8 16. Nxd2 Qxd4+ 17. Kg2 Qxd2+ 18. Kf1 Ne5 19. Rxe5 dxe5 20. Qh4+ Ke8 21. gxf4 exf4 22. Qxf4 0-1